000 00250nam a22001097a 4500
008 170119b xxu||||| |||| 00| 0 eng d
020 _a9780131180871
041 _aeng
080 _27th
_a618.2
245 _aFIRST RESPONDER
_cSHUTTS, P
942 _2udc
_cBK
999 _c3197
_d3197